1059 1707 1651 1296 1175 1312 1375 1583 1713 1887 1277 1920 1960 1772 1730 1868 1010 1560 1253 1479 1394 1790 1333 1330 1129 1489 1225 1417 1397 1687 1062 1915 1128 1734 1330 1810 1004 1494 1972 1383 1042 1507 1280 1452 1113 1803 1693 1247 1192 1202 1193 1247 1612 1535 1567 1685 1790 1877 1115 1747 1468 1403 1267 1981 1632 1982 1194 1022 1971 1389 1476 1145 1265 1336 1351 1608 1632 1980 1663 1359 1142 1119 1569 1143 1700 1075 1607 1442 1244 1252 1861 1414 1872 1393 1353 1829 1091 1833 1089 BCNSPRNW ULIB Ver.6.0+V

เปลี่ยนเป็นภาษาไทย

Change to English
 แสดงรายละเอียดบรรณานุกรม
  กลับหน้าหลัก

Brief Record : Get Marc (ISO 2709) : E-mail record : QR code < ปิดหน้าต่าง
LEADER : 00000nam 2200000uu 4500
001    13399121366
003     ULIB
008    121022s2555||||th 000 0 tha d
099    วจ.WB400^bน196ผ
100 0  นภา ทองกิจ และคนอื่นๆ
245 00 ผลการให้บริการวิชาการความรู้เรื่องอาหาร ของนักเรียนมัธยมศึกษาตอนต้น โรงเรียนสะอาดวิทยาคม อำเภอวังทอง จังหวัดพิษณุโลก/^cนภา ทองกิจ และคนอื่นๆ
260    พิษณุโลก:^bวิทยาลัยการสาธารณสุขสิรินธร จังหวัดพิษณุโลก,^c2555
300    41 หน้า,ภาคผนวก
650  7 ยาเสพติด^xวิจัย
945    ^p0^l0^i033097
995    ทศพร
999    ^aใช้งานได้ทุกระบบ
รายการนี้ยังไม่มีแท็ก
คุณยังไม่ได้ล็อกอิน คุณสามารถมีกิจกรรมร่วมกับเว็บไซต์ได้ แต่ต้องล็อกอินก่อน ::
  ล็อกอิน

รายการสื่อสารสนเทศ

ลำดับที่ ประเภท เลขเรียก/บาร์โค้ด สถานที่ สถานะ
1. งานวิจัย
งานวิจัย
วจ.WB400 น196ผ ฉ.1 
  Barcode: 033097
ห้องสมุดวิทยาเขตสวรรค์ประชารักษ์
►วิจัย
บนชั้น

รายการใกล้เคียง
    ผู้แต่ง [นภา ทองกิจ และคนอื่นๆ]

BibComment


ยังไม่เคยถูกคอมเมนท์

คอมเมนท์ทรัพยากรรายการนี้
  คอมเมนท์: ผลการให้บริการวิช..


 Copyright 2026. Bcnsprnw @Library